00780nam a2200217 i 4500001000300000100002700003245007000030260004300100300004100143490003300184500003600217650003800253650005200291830002900343020001500372040000800387041000800395080002000403008004100423856009800464bg1 aCHATTOPADHYAY, Somnath10aPressure vessels :bdesign and practice /cSomnath Chattopadhyay. aBoca Raton [etc.] :bCRC Press,c2005. aXII, 185 s. :brys., wykr. ;c24 cm.1 aMechanical Engineering ;v25 aBibliogr. przy rozdz. - Indeks. 9aZbiorniki cisˁnieniowexprojekty 9aZbiorniki cisˁnieniowexkonstrukcjexmechanika aMechanical Engineering ; a0849313694 cBPK0 aeng a624.85:539.3/.5 s pl f |000 0 pol  uhttp://koha.tu.koszalin.pl/cgi-bin/koha/opac-detail.pl?biblionumber=46782yKatalog online BPK